| 000 | 00682nam a2200193Ia 4500 | ||
|---|---|---|---|
| 003 | GCL | ||
| 008 | 140319s9999 xx 000 0 ara d | ||
| 040 |
_aGCL / _cGCL |
||
| 082 | 0 | 4 |
_a001.6424 _bش ص |
| 100 | 1 | _aشركة لوغو للنظم والكمبيوتر | |
| 245 | 1 | 0 |
_aصخر لوغو دليل كتابة البرامج / _cشركة لوغو للنظم والكمبيوتر |
| 260 |
_a[S.N] : _bمكتبة العالمية للكمبيوتر |
||
| 300 | _a247 ص | ||
| 490 |
_aالكتب الفنية _v0 |
||
| 650 | 0 | 4 | _aالحاسبات الالكترونية |
| 650 | 0 | 4 | _aلوغو |
| 650 | 0 | 4 | _aبرامج الحاسبات الالكترونية |
| 942 |
_2ddc _cBK |
||
| 999 |
_c49411 _d49411 |
||